Marc Chagall (Record no. 8747)

MARC details
000 - LÍDER
campo de control de longitud fija 00647nam a2200205Ia 4500
008 - ELEMENTOS DE DATOS DE LONGITUD FIJA - INFORMACIÓN GENERAL
campo de control de longitud fija 0000001983 is a 0000000000eng00
020 ## - INTERNATIONAL STANDARD BOOK NUMBER
International Standard Book Number 933516940
090 ## - NÚMERO DE LLAMADA DE TIPO LC LOCALMENTE ASIGNADO (OCLC)
Número de clasificación (OCLC) (R) PRU00 P76m
100 1# - ENTRADA PRINCIPAL - NOMBRE PERSONAL
Nombre de la persona Provoyeur, Pierre
245 10 - TÍTULO DECLARACIÓN
Título Marc Chagall
Resto del título : biblical interpretations
Declaración de responsabilidad / curator Pierre Provoyeur
260 ## - PUBLICACIÓN, DISTRIBUCIÓN
Lugar de publicación Jerusalen: Steimatzky
Fecha de publicación 1983
300 ## - DESCRIPCIÓN FÍSICA
Alcance 259 p.
Dimensiones / 37 cm.
500 ## - NOTA GENERAL
Nota general Donación Sr León Caridi (20080115)
600 00 - ENTRADA DE SUJETO AÑADIDO - NOMBRE PERSONAL
Nombre de la persona CHAGALL, MARC, 18871985/
Subdivisión general TRABAJOS PICTORICOS
650 14 - ENTRADA DE SUJETO AÑADIDO - TÉRMINO TÓPICO
Término tópico o elemento de entrada del nombre geográfico ARTE MODERNO RUSO
650 14 - ENTRADA DE SUJETO AÑADIDO - TÉRMINO TÓPICO
Término tópico o elemento de entrada del nombre geográfico BIBLIA EN EL ARTE
650 14 - ENTRADA DE SUJETO AÑADIDO - TÉRMINO TÓPICO
Subdivisión general CATALOGOS
650 14 - ENTRADA DE SUJETO AÑADIDO - TÉRMINO TÓPICO
Término tópico o elemento de entrada del nombre geográfico PINTORES RUSOS
650 14 - ENTRADA DE SUJETO AÑADIDO - TÉRMINO TÓPICO
Término tópico o elemento de entrada del nombre geográfico PINTURA RUSA
Holdings
Estado de retirada Pérdida de estatus Estado dañado No para préstamo Código de recogida Ubicación permanente Ubicación actual Ubicación de las estanterías Fecha de adquisición Número de llamada completo Código de barras Fecha de la última vez que se vio Número de copia Precio efectivo desde Tipo de artículo Koha
        General ArtNexus ArtNexus General 06/09/2022 P-RU-00 P76M 8752 06/09/2022 Ej.1 06/09/2022 Libro

Powered by Koha